00696nam a2200157 i 4500001000700000003000900007005001700016008004100033245023700074260006700311300002100378650003000399650003600429710005000465852002300515190137ES-MaACL20230906223642.0200731s1844 sp |||| | spa d00aConsideraciones que la Junta de Comercio sujeta al juicio del público, acerca de las ideas y principios emitidos por la Sociedad Mercantil Matritense en la esposicion que dirigió a S.M. con fecha 9 de agosto del corriente año. aBarcelona : b[s.n.], c1844 (fImp. de los SS. A. Pons y Cª) a12 p. ; c20 cm. 4aFraude fiscal-zEspaña. 4aContrabando-zEspaña-yS.XIX.2 aSociedad Filantrópica Mercantil Matritense.4 aES-MaACLjT-21-F-4